Statistiques concernant Les plus longs fleuves d'Amérique

Cliquez ici pour prendre le quiz!

Statistiques générales

  • Ce quiz a été pris 177 fois
  • Le résultat moyen est 4 sur 10

Statistiques - réponses

LongueursFleuves% Correct
16437 kmL'Amazone
96%
33780 kmLe Mississippi
76%
82330 kmLe Colorado
61%
63060 kmLe Rio Grande
61%
24099 kmLe Parana
35%
43185 kmLe Yukon
29%
92140 kmL'Orénoque
28%
53160 kmLe Sao Francisco
9%
72600 kmLe Tocantins
7%
102060 kmLe Brazos
0%

Distribution des résultats

Percentile par nombre de réponses

% des personnes avec chaque résultat

Votre développement - résultats

Vous n’avez pas pris ce quiz